| 000 | 01532nam a2200241Ia 4500 | ||
|---|---|---|---|
| 999 |
_c39953 _d39953 |
||
| 001 | 6559 | ||
| 003 | GE_BSU | ||
| 005 | 20190610144059.0 | ||
| 008 | 181216s1969||||ge |||||||||||||| ||GEO|| | ||
| 040 | _cGE_BSU | ||
| 041 | _aGEO | ||
| 080 | _a744:621(072) + 744.4(072) მ-20 | ||
| 100 |
_aმალანია, ი. _92208 |
||
| 245 |
_aსამანქანათმშენებლო ნახაზების წაკითხვა და აგება : _bმეთოდური მითითებები,სასწავლო და საილუსტრაციო მაგალითები, სავარჯიშო ამოცანები და საკონტროლო მოცემულობები / _cი.მალანია, ა. აგლაძე ; რედ. ა. გულისაშვილი |
||
| 264 |
_aთბილისი : _bსპი, _c1969. |
||
| 300 |
_a140 გვ. : _bილ. ; _c30 სმ. |
||
| 504 | _aბიბლიოგრ. : გვ.139 | ||
| 653 | _aმეთოდური მითითებები,სასწავლო და საილუსტრაციო მაგალითები | ||
| 653 | _aსამანქანათმშენებლო ნახაზების წაკითხვა და აგება | ||
| 700 |
_aაგლაძე, ა. _eავტორი _92209 |
||
| 700 |
_aგულისაშვილი, ა. _eრეფდაქტორი _91618 |
||
| 942 |
_cBK _2udc |
||